Kraje sródziemnomorskije w okresie aspiracji do czlonkostwa w EWG - wnioski dla Polski.

Hodnotenie skúseností sa opiera o širší výskum prispôsobovacích procesov troch stredomorských krajín. Politické predpoklady. Liberalizácia hospodárskeho života. Makroekonomická politika. Ekonomický rozvoj a štruktúra zamestnanosti v 12 krajinách ES. Ohrozenia a výhody eventuálneho členstva Poľska v...

Descrizione completa

Salvato in:
Dettagli Bibliografici
Autore principale: Misala, J.
Natura: Capitolo di libro
Lingua:polacco
Soggetti:
Tags: Aggiungi Tag
Nessun Tag, puoi essere il primo ad aggiungerne!!

MARC

LEADER 00000naa a2200000 4500
001 r009877
005 20221125123130.6
041 0 |a pol 
044 |a PL 
245 1 0 |a Kraje sródziemnomorskije w okresie aspiracji do czlonkostwa w EWG - wnioski dla Polski.  |c J. Misala 
520 |a Hodnotenie skúseností sa opiera o širší výskum prispôsobovacích procesov troch stredomorských krajín. Politické predpoklady. Liberalizácia hospodárskeho života. Makroekonomická politika. Ekonomický rozvoj a štruktúra zamestnanosti v 12 krajinách ES. Ohrozenia a výhody eventuálneho členstva Poľska v ES. 
610 2 0 |a výskum ekonomický 
610 2 0 |a porovnanie štatistické medzinárodné 
610 2 0 |a Európske spoločenstvá 
610 2 0 |a politika hospodárska 
610 2 0 |a liberalizácia 
610 2 0 |a makroekonomika 
610 2 0 |a rozvoj hospodársky 
610 2 0 |a zamestnanosť 
610 2 0 |a PR 
100 1 |a Misala, J.